|
|
|
|
| LEADER |
00000nam a22000005a 4500 |
| 001 |
vtls010210995 |
| 003 |
SK-MaSNL |
| 005 |
20260426002531.0 |
| 008 |
190927s2010 xo fl 000 0 slo |
| 015 |
|
|
|a SNBI2014
|
| 020 |
|
|
|a 9788080578763
|q (brož.)
|
| 035 |
|
|
|a E2CE23E4-109E-4DE4-9975-50B937455908
|
| 035 |
|
|
|a urn:nbn:sk:snk-amjgy7
|
| 035 |
|
|
|a urn:nbn:sk:snk-am001s77
|
| 040 |
|
|
|a SNK
|b slo
|c SNK
|e AACR2
|
| 041 |
0 |
|
|a slo
|
| 043 |
|
|
|a e-xo---
|
| 044 |
|
|
|a xo
|c SK
|
| 072 |
|
7 |
|a 343
|x Trestné právo
|2 konspekt
|
| 080 |
|
|
|a 343.13
|2 2001
|
| 080 |
|
|
|a (437.6)
|2 2001
|
| 080 |
|
|
|a (094.5)
|2 2001
|
| 080 |
|
|
|a (035)
|2 2001
|
| 110 |
1 |
|
|a Slovensko
|4 aut
|9 266955
|
| 240 |
1 |
0 |
|a Trestný poriadok (2005, novela 2010)
|
| 245 |
1 |
0 |
|a Novelizovaný trestný poriadok v úplnom znení s aktualizovanou dôvodovou správou
|b [ročník 2010]
|
| 250 |
|
|
|a [1. vyd.]
|
| 260 |
|
|
|a Bratislava
|b Epos
|c 2010
|
| 300 |
|
|
|a 159 s.
|c 21 cm
|
| 490 |
1 |
|
|a Novelizované zákony s dôvodovými správami v úplnom znení
|
| 650 |
0 |
7 |
|a trestné konanie
|2 SNKPH
|9 2380
|
| 651 |
|
7 |
|a Slovensko
|2 SNKPH
|9 14231
|
| 655 |
|
7 |
|a zákony
|2 SNKPH
|9 70186
|
| 655 |
|
7 |
|a príručky
|2 SNKPH
|9 74364
|
| 830 |
|
0 |
|a Novelizované zákony s dôvodovými správami v úplnom znení
|9 293588
|
| 919 |
|
|
|a 978-80-8057-876-3
|
| 958 |
|
|
|a OND
|
| 999 |
|
|
|c 921149
|d 923079
|
| 952 |
|
|
|a SNK
|b SNK
|y VYP
|7 0
|p 17A0689067
|o snkSC 144068 D1
|i snk2011/3334
|8 0
|0 0
|1 0
|4 0
|d 2011-02-14
|f 1
|l 0
|r 2026-02-24 08:15:21
|w 2026-02-24
|
| 952 |
|
|
|a SNK
|b SNK
|y PREZ
|7 0
|p 17A0689068
|o snkSC 144068
|i snk2011/3333
|8 0
|0 0
|1 0
|4 0
|d 2011-02-14
|l 0
|r 2025-07-11 00:00:00
|w 2026-02-24
|